[Event "Pontevedra U1600 op 1st"]
[Site "Pontevedra"]
[Date "2017.07.02"]
[Round "6.6"]
[White "Cabanas Lopez, Manuel Anxo"]
[Black "Carrera Perez, Iker"]
[Result "1/2-1/2"]
[WhiteElo "1141"]
[BlackElo "1236"]
[PlyCount "74"]
[EventDate "2017.07.01"]
[EventType "swiss"]
[EventRounds "6"]
[EventCountry "ESP"]
[SourceTitle "EXT 2024"]
[Source "ChessBase"]
[SourceDate "2023.10.10"]
[SourceVersion "1"]
[SourceVersionDate "2023.10.10"]
[SourceQuality "1"]

1. e4 d5 2. exd5 Qxd5 3. Nc3 Qa5 4. d3 Nf6 5. Bd2 Nc6 6. Ne4 Qe5 7. Bc3 Qe6 8. Qe2 Nxe4 9. Qxe4 Bd7 10. Qxe6 Bxe6 11. Nf3 0-0-0 12. Ng5 Bd5 13. 0-0-0 h6 14. Ne4 e6 15. f3 Nb4 16. a3 Na2+ 17. Kb1 Nxc3+ 18. Nxc3 Bc6 19. Ne4 Be7 20. Be2 Rd5 21. Rde1 Rb5 22. b4 a5 23. d4 Rd5 24. c3 axb4 25. axb4 Rdd8 26. Kb2 e5 27. dxe5 Bxe4 28. fxe4 Rd2+ 29. Kb3 Rhd8 30. Bf3 Bg5 31. Rd1 Rxd1 32. Rxd1 Re8 33. Bg4+ Kb8 34. Rd7 Rxe5 35. Rxf7 Rxe4 36. Bf3 Re7 37. Rxe7 Bxe7 1/2-1/2